00565nam a2200169 450000500170000000700040001700800040002102000150002504000090004005000240004910000170007324500790009026001010016930000220027044000730029265000300036520150330110045.0000000 a9966896112 aUOEL aS494.5.A45bT4 1993 aTengnas, Bo. aGuidelines on Agroforestry Extension Planning in Kenya /c[by] Bo Tengnas. aNairobi :bRegional Soil Conservation Unit , Swedish International Development Authority,cc1993 axi,71 p, :bill,. aRegional Soil Conservation Unit,(RSCU), Technical Handbook Seriesv3 aAgroforestryxAgriculture